[Event "Hamburg HSK DWZ op 1st"]
[Site "Hamburg"]
[Date "2002.09.29"]
[Round "5"]
[White "Brunow, Gordon"]
[Black "Stejskal, Manfred"]
[Result "1-0"]
[WhiteElo "1389"]
[BlackElo "1671"]
[PlyCount "67"]
[EventDate "2002.09.??"]
[EventType "swiss"]
[EventRounds "5"]
[EventCountry "GER"]
[SourceTitle "EXT 2006"]
[Source "ChessBase"]
[SourceDate "2005.11.24"]
[SourceVersion "1"]
[SourceVersionDate "2005.11.24"]
[SourceQuality "1"]

1. e4 e5 2. Nf3 d6 3. d4 exd4 4. Nxd4 Nf6 5. Nc3 Be7 6. Bc4 0-0 7. Bf4 Re8 8. 0-0 Bg4 9. Nf3 Bf8 10. Bg5 Nbd7 11. Re1 c6 12. Bxf6 Nxf6 13. Qd3 h6 14. Nh4 Bh5 15. Nf5 Qc7 16. Qg3 b5 17. Bb3 b4 18. Ne2 Nxe4 19. Nxh6+ Kh7 20. Qh4 Kxh6 21. Nf4 Nf6 22. g4 g5 23. Qh3 gxf4 24. gxh5 d5 25. Kh1 Bc5 26. Qf5 Nxh5 27. c4 Bxf2 28. Bc2 Rxe1+ 29. Rxe1 Bxe1 30. Qh7+ Kg5 31. Qf5+ Kh4 32. Bd1 Ng3+ 33. hxg3+ Kxg3 34. Qg4+ 1-0